Countries by First Letter and First Letter of Their Capital - Statistics

General Stats
  • This quiz has been taken 170 times
  • The average score is 11 of 15
Answer Stats
Country Capital % Correct
Q{atar} D
94%
Z{ambia} L
93%
E{cuador} Q
88%
U{nited Kingdom} L
84%
J{amaica} K
81%
P{oland} W
80%
V{ietnam} H
78%
K{enya} N
75%
A{ustria} V
70%
C{anada} O
70%
D{jibouti} D
70%
A{ustralia} C
64%
T{uvalu} F
60%
N{orth Korea} P
58%
L{ebanon} B
50%
No matching quizzes found
Score Distribution
Percent of People with Each Score
Percentile by Number Answered
Your Score History
You have not taken this quiz